书目信息 |
| 题名: |
铸剑为犁:21世纪的军备控制与裁军
|
|
| 作者: | 何仁学 , 吴小平 著 | |
| 分册: | ||
| 出版信息: | 北京 中国青年出版社 1998.12 |
|
| 页数: | 165页 | |
| 开本: | 32开 | |
| 丛书名: | ||
| 单 册: | ||
| 中图分类: | D815.1 | |
| 科图分类: | ||
| 主题词: | 国际关系 | |
| 电子资源: | ||
| ISBN: | 7-5006-3334-3 | |
| 000 | 00627nam0 2200205 45 | |
| 001 | 0103171627 | |
| 005 | 20010317164758.6 | |
| 010 | @a7-5006-3334-3@d8.50元 | |
| 100 | @a20010317d1998 km y0chiy0120 ea | |
| 101 | 0 | @achi |
| 105 | @a z 000yy | |
| 200 | 1 | @a铸剑为犁:21世纪的军备控制与裁军@AZhu Jian Wei Li:21 Shi Ji De Jun Bei Kong Zhi Yu CaiJun@f何仁学,吴小平著@FHe Ren Xue,Wu Xiao Ping Zhu |
| 210 | @a北京@c中国青年出版社@d1998.12 | |
| 215 | @a165页@d32开 | |
| 606 | 0 | @a国际关系 |
| 690 | @aD815.1@v3 | |
| 701 | 0 | @a何仁学@4著 |
| 701 | 0 | @a吴小平@4著 |
| 801 | @aCN@bPftUser@c20010317 | |
| 905 | @b329912@dD815.1@eH897@f1 | |
| 铸剑为犁:21世纪的军备控制与裁军/何仁学,吴小平著.-北京:中国青年出版社,1998.12 |
| 165页;32开 |
| ISBN 7-5006-3334-3:8.50元 |
| ● |
| 相关链接 |
|
|
|
正题名:铸剑为犁:21世纪的军备控制与裁军
索取号:D815.1/H897
 
预约/预借
| 序号 | 登录号 | 条形码 | 馆藏地/架位号 | 状态 | 备注 |
| 1 | 329912 | 203299126 | 社科库509/509社科库 78排8列6层/ [索取号:D815.1/H897] | 在馆 |